Statistics for Basra International Airport Destinations (Basra, Iraq)

Click here to take the quiz!

General Stats

  • This quiz has been taken 15 times
  • The average score is 9 of 12

Answer Stats

AirlineDestination% Correct
Iraqi AirwaysBaghdad
100%
Emirates/flydubai/Iraqi AirwaysDubai (International)
100%
Iraqi Airways/Turkish AirlinesIstanbul
100%
Pegasus AirlinesIstanbul (Sabiha Gokcen)
100%
Iraqi Airways/Royal JordanianAmman (Queen Alia)
91%
Iraqi Airways/Middle East AirlinesBeirut
91%
Qatar AirwaysDoha
91%
Iraqi Airways/Nile AirCairo
82%
Iraqi AirwaysErbil
73%
Cham Wings Airlines/Fly BaghdadDamascus
55%
Iraqi AirwaysDelhi
36%
Iraqi AirwaysSulaymaniyah
27%

Score Distribution

Percentile by Number Answered

Percent of People with Each Score

Your Score History

You have not taken this quiz